Over den dichter Raymond Herreman, (Record no. 2831)
[ view plain ]
| 000 -LEADER | |
|---|---|
| fixed length control field | 00793cam a22002291 4500 |
| 001 - CONTROL NUMBER | |
| control field | af 47004861 |
| 003 - CONTROL NUMBER IDENTIFIER | |
| control field | DLC |
| 005 - DATE AND TIME OF LATEST TRANSACTION | |
| control field | 20260227110828.0 |
| 008 - FIXED-LENGTH DATA ELEMENTS--GENERAL INFORMATION | |
| fixed length control field | 940620s1942 be c b 000 0 dut c |
| 010 ## - LIBRARY OF CONGRESS CONTROL NUMBER | |
| LC control number | af 47004861 |
| 035 ## - SYSTEM CONTROL NUMBER | |
| System control number | (OCoLC)30633342 |
| 040 ## - CATALOGING SOURCE | |
| Original cataloging agency | New York. Public library |
| Transcribing agency | CU |
| Modifying agency | DLC |
| 042 ## - AUTHENTICATION CODE | |
| Authentication code | premarc |
| 050 00 - LIBRARY OF CONGRESS CALL NUMBER | |
| Classification number | PT6430.H48 |
| Item number | Z7 |
| 100 1# - MAIN ENTRY--PERSONAL NAME | |
| Personal name | Closset, François. |
| 245 00 - TITLE STATEMENT | |
| Title | Over den dichter Raymond Herreman, |
| Statement of responsibility, etc. | door Fr. Closset. |
| 260 ## - PUBLICATION, DISTRIBUTION, ETC. | |
| Place of publication, distribution, etc. | Liége, |
| Name of publisher, distributor, etc. | 34, rue de l'Université; |
| Place of publication, distribution, etc. | Bruxelles, |
| Date of publication, distribution, etc. | U.m.A. Manteau, n.v. |
| -- | [1942] |
| 300 ## - PHYSICAL DESCRIPTION | |
| Extent | 2 p. l., [7]-77 p., 1 l. |
| Other physical details | port. |
| Dimensions | 23 cm. |
| 440 #0 - SERIES STATEMENT/ADDED ENTRY--TITLE | |
| Title | Université de Liége. Séminaire de néerlandais. Directeur: R. Verdeyen. [Uitgaven, |
| Volume/sequential designation | no. 2] |
| 504 ## - BIBLIOGRAPHY, ETC. NOTE | |
| Bibliography, etc. note | "Bibliografie": p. [73]-77. |
| 600 10 - SUBJECT ADDED ENTRY--PERSONAL NAME | |
| Personal name | Herreman, Raymond, |
| Dates associated with a name | 1896- |
No items available.